000 00262nam a22000977a 4500
999 _c11812
_d11812
008 200222b ||||| |||| 00| 0 eng d
020 _a9781439158692
100 _aSmith Corinne
_97491
245 _aLearning Disabilities A to Z
260 _bNew York
_cFree Press
_d2010